| 000 | 00619nam a2200229Ia 4500 | ||
|---|---|---|---|
| 003 | OSt | ||
| 005 | 20220928101709.0 | ||
| 006 | a|||||r|||| 00| 0 | ||
| 007 | ta | ||
| 008 | 220927b |||||||| |||| 00| 0 eng d | ||
| 024 | _a120276 | ||
| 037 | _cTextual | ||
| 040 |
_aSDCL _cSDCL _beng |
||
| 041 |
_2eng _aeng |
||
| 082 | _aDelta:87, M2 | ||
| 100 |
_aMookerjee Ajit _9393862 |
||
| 245 | 0 | _aKundalini the arousal of the inner energy. | |
| 260 |
_aDelhi _bClarion books prakasan _c1982 |
||
| 300 |
_a112p. _ccm. |
||
| 942 |
_hDelta:87, M2 _cTEXL _2CC |
||
| 999 |
_c709434 _d709434 |
||